000
00302nam a22001457a 4500
003
SGT
020
_a
9789348002662
082
_a
346.022
_b
BAN
100
_a
BANGIA R K
245
_a
CONTRACT 1
250
_a
10
260
_a
FARIDABAD
_b
ALLAHABAD LAW AGENCY
_c
2025
300
_a
588
942
_2
ddc
_c
BK
999
_c
34071
_d
34071